000
00319nam a22001457a 4500
008
221012b ||||| |||| 00| 0 eng d
020
_a
1555425844
041
_a
eng
080
_a
61
082
_a
61 MOR
100
_a
5
101
_a
MJEK
245
_a
PATIENT FOCUSED HEALING
_c
MOORE AND KOMRAS
942
_2
udc
_c
BK
999
_c
58522
_d
58522